LEADER 01550nam a2200337 u 4500 001 000000053681 003 CaOOAMICUS 005 20070919124448.0 008 001120s1991 it u000 u ita u 020 $a8821522873 035 $a10861832 040 $aPUL(R)$bita 041 1 $aita$hger 100 1 $aAuer, Alfons,$d1915-2005.$0(OLS)http://pul/name/26350 240 10$aAutonome Moral und christlicher Glaube.$lItaliano.$0(OLS)http://pul/title/72002 245 10$aMorale autonoma e fede cristiana /$cAlfons Auer ; prefezione all'edizione italiana di Sergio Bastianel. 260 $aCinisello Balsamo ;$aEdizioni Paoline ,$c1991. 300 $a259 p. ;$c23 cm 500 $aInclude indici. 504 $aBibliografia in nota. 650 4$aTeologia morale.$0(OLS)http://pul/subject/1500 850 $aPUL 852 $aPUL$W1$xDP1 Fondo Giannini$y60$m1555 C 29$j70781$nBK-PRI$b $qFondi$B70781$CPULBib$Z2$F70781 $H $81 852 $aPUL$W1$xSL Religione 1$y3$m37 D 49$j121542$nBK-PRI$ac. 2$qStampati$B120576$CPULBib$Z2$F120576 $H83430 $82 852 $aPUL$W1$xDP1 Fondo Bordoni$y120$m3 K 29$j167528$qFondi$B176307$CPULBib$Z2$F176307 $HBor1398 $81 941 1 $a1 941 1 $a8 961 $aINV: Fondo Giannini 996 $6020$a8821522873$9(OLS)http://pul/number/67647 996 $6245$aMorale autonoma e fede cristiana$9(OLS)http://pul/title/72003 996 $6260$aCinisello Balsamo ;$aEdizioni Paoline $9(OLS)http://pul/publisher/68607 LEADER 01370nam a2200313 a 4500 001 000000137538 003 CaOOAMICUS 005 20140226140821.0 008 140226s2013 it u000 u ita r 020 $a978-88-215-9019-1 040 $aPUL$bita 082 04$a227 100 1 $aPulcinelli, Giuseppe,$csacerdote,$d1962-$0(OLS)http://pul/name/64040 245 10$aPaolo, scritti e pensiero :$bintroduzione alle lettere dell'Apostolo /$cGiuseppe Pulcinelli. 260 $aCinisello Balsamo :$bSan Paolo,$cİ2013. 300 $a322 p. ;$c21 cm 490 1 $aParola di Dio. 2. serie 500 $aTit. della collana desunto dal sito della casa editrice. 504 $aBibliografia in nota. 630 04$aBiblia.$pN.T.$pPauli epistolae$xIntroduzioni.$0(OLS)http://pul/subject/37996 830 0$aParola di Dio.$p2. serie.$0(OLS)http://pul/title/174130 850 $aPUL 852 $aPUL$W1$xSL Religione 3$y85$m227 PULGI 1$j158554$qDDC 21$B158067$CPULBib$Z2$F158067 $H123539 $82 941 1 $a9 996 $6020$a978-88-215-9019-1$9(OLS)http://pul/number/154630 996 $6082$a227$9(OLS)http://pul/classification/522 996 $6245$aPaolo, scritti e pensiero :$bintroduzione alle lettere dell'Apostolo$9(OLS)http://pul/title/174129 996 $6260$aCinisello Balsamo :$bSan Paolo$9(OLS)http://pul/publisher/54577